00853 2200277 4500001002100000005001500021035002500036007000300061008004100064040001700105090002000122090002100142245012300163250001100286260005100297300004200348650002100390850001200411020002200423082001600445084001600461100003500477999002100512990002100533990002100554YOGYA00000000008598820200625102157 a0010-081400000085705ta131204s2013 yoia g ind d aYOPDYOGbind aDEP 370.114 WEE aCB-D.11 2013-25500aWeekend moral :b"dari munafik ke otentik : memahami tubuh, memahami cinta" /cpenulis, Ignatia Esti Sumarah...[et.al] aCet. 13 aYogyakarta :bUniversitas Sanata Dharma,c2013 aiv, 128 halaman :bilustrasi ;c21 cm 4aPendidikan moral aYOPDYOG a978-602-9187-40-304222a370.114 a370.114 WEE0 aIgnatia Esti Sumarah...[et.al] aCB-D.11/2013-255 aCB-D.11/2013-256 aCB-D.11/2013-255